Responses for show #8253 - Wednesday, October 7, 2020

Contestants

[<< previous game]

Holly McQuillan, a market research analyst from Woodland Hills, California

Sheldon Beverly, a commercial senior property manager originally from Franklin, Louisiana

Garrett Marcotte, a software engineer from Santa Monica, California (whose 2-day cash winnings total $41,700)

[next game >>]

Jeopardy! Round responses

HISTORY
MISCELLANY
ANIMATED FILMS
THE STATE WAS IN PLAY
MAGAZINES' FIRST ISSUES
IN ORDER
(Alex: All correct responses will be made up of letters from the word "order".)
    $200 28
[The end-of-round signal sounds.]

the Louisiana Purchase

Garrett
    $200 12
Steve Carell

Holly
    $200 25
Michigan

Garrett
    $200 16
Sports Illustrated

Garrett
    $200 1
a doer

Garrett
    $400 27
Myanmar

Garrett
    $400 13
Mr. Potato Head

Garrett
    $400 20
(Al) Gore

Sheldon
    $400 21
TV Guide

Sheldon
    $400 2
roe

Sheldon
    $600 8
Marathon

Garrett
    $600 26
the Prado

Garrett
    $600 15
Amy Poehler

Holly
    $2,500 19
California

Garrett
    $600 22
polio

Sheldon
    $600 3
Red

Garrett
    $800 7
Hudson

Garrett
    $800 9
(Sheldon: What is curry?)

raita

GarrettSheldon
    $800 11
Missing Link

Holly
    $800 18
(William Jennings) Bryan

Garrett
    $800 23
Reader's Digest

Garrett
    $800 4
an ore

Triple Stumper
    $1000 6
Geneva

Triple Stumper
    $1000 10
a cubit

Triple Stumper
    $1000 14
Cloudy with a Chance of Meatballs

Holly
    $1000 17
(Holly: Who is Abraham Lincoln?)

Rutherford B. Hayes

Holly
Triple Stumper
    $1000 24
(Sheldon: Who is Leibovitz?)
...
(Alex: Less than a minute now, Garrett.)

Margaret Bourke-White

Sheldon
Triple Stumper
    $1000 5
the Oder

Triple Stumper

Scores at the first commercial break (after clue 15):

Garrett Sheldon Holly
$3,400 -$400 $2,600

Scores at the end of the Jeopardy! Round:

Garrett Sheldon Holly
$9,100 $0 $1,600

Double Jeopardy! Round responses

THE LIBRARIAN INVASIONS
ALLITERATIVE BUSINESS
"WAT"s IN A NAME
LATIN LOVER NEEDED
EUROPE
WORDSWORTH AT 250
    $400 27
Buffy the Vampire Slayer

Garrett
    $400 14
PayPal

Garrett
    $400 1
Barry Goldwater

Triple Stumper
    $400 10
time flies

Garrett
    $400 12
the Netherlands

Triple Stumper
    $400 21
the Lake District

Garrett
    $800 28
[The end-of-round signal sounds.]

Marian

Garrett
    $800 17
Coca-Cola

Garrett
    $800 2
Waterloo

Sheldon
    $800 9
always strong (always brave)

Garrett
    $800 13
[NOTE: The clue did use the word, "museu" in its wording.]

Barcelona

Triple Stumper
    $800 22
poet laureate

Garrett
    $1200 18
Chuck E. Cheese

Sheldon
    $1200 3
Deepwater

Garrett
    $1200 8
e pluribus unum

Garrett
    $4,000 23
(Alex: You picked the right one; you had a choice.)

Byron

Garrett
    $1600 16
The Twilight Zone

Holly
    $1600 19
LifeLock

Triple Stumper
    $1600 4
(Thomas) Watson

Garrett
    $1600 7
bread & circuses

Garrett
    $1600 26
Iceland

Sheldon
    $1600 24
(Alex: Less than a minute now.)

the French Revolution

Triple Stumper
    $2000 15
(Garrett: What is Cryptonomicon?)

Sandman

Garrett
Triple Stumper
    $2,000 20
(Sheldon: What is...)
(Alex: Say something.)

Bed Bath & Beyond

Sheldon
    $2000 5
Wat Tyler

Triple Stumper
    $2000 6
the sanctum sanctorum

Triple Stumper
    $2000 11
Albania

Holly
    $2000 25
"Tintern Abbey"

Garrett

Scores at the end of the Double Jeopardy! Round:

Garrett Sheldon Holly
$23,500 $1,600 $5,200
(lock game)

[wagering suggestions for these scores]

Final Jeopardy! Round responses

WHO SAID IT IN THE BIBLE?
(Alex: He took his son up into the hills.)
SheldonWho is Jacob?
$0
HollyWho is This was so much fun! Thank you!
$1,000
GarrettWho is Job?
$1,500
Abraham

Final scores:

Garrett Sheldon Holly
$22,000 $1,600 $4,200
3-day champion: $63,700 3rd place: $1,000 2nd place: $2,000

Game dynamics:

Coryat scores:

Garrett Sheldon Holly
$18,800 $3,600 $5,200
28 R
(including 2 DDs),
1 W
7 R,
3 W
(including 1 DD)
6 R,
1 W

Combined Coryat: $27,600

The J! Archive is created by fans, for fans. The Jeopardy! game show and all elements thereof, including but not limited to copyright and trademark thereto, are the property of Jeopardy Productions, Inc. and are protected under law. This website is not affiliated with, sponsored by, or operated by Jeopardy Productions, Inc. Join the discussion at JBoard.tv.